The physiology of flowering.

Bibliographic Details
Main Author: Hillman, William S.
Format: Book
Language:English
Published: New York : Holt, Rinehart and Winston, [1962]
Series:Biology studies.
Subjects:

MARC

Tag First Indicator Second Indicator Subfields
LEADER 00000cam a22000001 4500
001 in00000050520
005 20151007071859.0
008 720427s1962 nyua b 00000 eng
010 |a  62008419  
035 |a (OCoLC)00326060 
035 |9 AAE6814AM 
040 |a DLC  |c DLC  |d TXA  |d UtOrBLW 
049 |a TXAM  |c 1 [351194] 
050 0 0 |a QK731  |b .H53 
082 0 |a 581.135 
092 |a 581.135  |b H654p, 1962 
100 1 |a Hillman, William S. 
245 1 4 |a The physiology of flowering. 
264 1 |a New York :  |b Holt, Rinehart and Winston,  |c [1962] 
300 |a 164 pages :  |b illustrations ;  |c 22 cm. 
336 |a text  |b txt  |2 rdacontent 
337 |a unmediated  |b n  |2 rdamedia 
338 |a volume  |b nc  |2 rdacarrier 
490 1 |a Biology studies 
504 |a Includes bibliography. 
650 0 |a Plants, Flowering of. 
830 0 |a Biology studies. 
999 |a MARS 
999 f f |s 14ee8308-9600-3757-be17-00d5cdb176a8  |i ede75c1e-a2cf-34a8-86d0-a121309a811c  |t 0 
952 f f |p ric  |a Texas A&M University  |b Rellis Campus  |c Joint Library Facility  |d Remote Storage  |t 0  |e QK731 .H53  |h Library of Congress classification  |i unmediated -- volume  |m A14800987592 
998 f f |a QK731 .H53  |t 0  |l Remote Storage